[Event "VIE-ch U13 Girls"]
[Site "Ho Chi Minh City"]
[Date "2014.07.15"]
[Round "5"]
[White "Tran, Ngoc Han"]
[Black "Dao, Le Bao Nguyen"]
[Result "1/2-1/2"]
[WhiteElo "1841"]
[BlackElo "1835"]
[PlyCount "48"]
[EventDate "2014.07.13"]
[EventType "swiss"]
[EventRounds "9"]
[EventCountry "VIE"]
[SourceTitle "EXT 2016"]
[Source "ChessBase"]
[SourceDate "2015.10.08"]
[SourceVersion "1"]
[SourceVersionDate "2015.10.08"]
[SourceQuality "1"]

1. e4 e5 2. Nf3 Nc6 3. Nc3 Bb4 4. a3 Bxc3 5. bxc3 d6 6. d3 h6 7. Be2 Nf6 8. c4 Bg4 9. h3 Bxf3 10. Bxf3 0-0 11. c3 Re8 12. 0-0 Nd7 13. Be3 a6 14. Bg4 Qe7 15. Bxd7 Qxd7 16. f4 Re6 17. f5 Rf6 18. Qa4 a5 19. g4 g5 20. h4 gxh4 21. g5 hxg5 22. Bxg5 Rg6 23. fxg6 Qg4+ 24. Kh1 Qh3+ 1/2-1/2